| 000 | 01119nam a22002537a 4500 | ||
|---|---|---|---|
| 999 |
_c121014 _d121014 |
||
| 005 | 20181105125428.0 | ||
| 010 | _aB-188084 | ||
| 020 |
_c125.00 _a8188267392 |
||
| 035 | _aB-188084, B-188089 B-188117 | ||
| 037 | _bCen Lib/Ret | ||
| 082 |
_a827 _bजैनशि |
||
| 100 | _aजैन, शिखर चंद्र | ||
| 245 |
_aउदारीकरण का च्यवनप्राश / _cशिखर चंद्र जैन |
||
| 246 |
_aUdarikaran ka chyavanprash / _bby Shikhar Chandra Jain |
||
| 260 |
_aनई दिल्ली _bग्रन्थ अकादेमी _c2005 |
||
| 270 |
_a1659 पुराना दरियागंज _bनई दिल्ली _e110002 |
||
| 300 |
_a110पृ. _c21सेमी(सजिल्द) |
||
| 500 | _aअनुक्रमणिका शामिल | ||
| 650 | _aहिंदी साहित्य | ||
| 650 | _aहिंदी व्यंग्य--प्रधान निबंध | ||
| 650 | _aHindi literature | ||
| 650 | _aHindi satire--Prime essay | ||
| 942 |
_2ddc _cHN _h827 _mजैनशि |
||